000 00557cam a2200205 4500
001 J60819
008 000000n2000 000 0 eng u
035 _a(Sirsi) u105237
041 _aeng
050 _a711.5520212
110 _aIngleby Trice Kennard
_93587
245 _aCity floorspace survey - January - December 2000
260 _aLondon
_bIngleby Trice Kennard
_c2000
300 _a12pts. ; 30cm.
650 _aCITY OF LONDON
650 _aFLOORSPACE STATISTICS
650 _aOFFICES
690 _aPROPERTY-COMMERCIAL PROPERTY
942 _n0
999 _c100334
_d100334